000 00283nam a22001337a 4500
008 171018b xxu||||| |||| 00| 0 eng d
020 _a039563704X
041 _aeng
080 _24TH
_a338
100 _a53
101 _aMEN
245 _aMANAGEMENT
_cGRIFFIN,R.W
942 _2udc
_cBK
999 _c34802
_d34802